000 00400nam a2200121Ia 4500
008 220620s9999||||xx |||||||||||||| ||und||
100 _aMustafa Ergen
245 0 _aSustainable Urbanization
546 _aEnglish[eng]
650 _aLife Sciences||Environmental Sustainability||Environmental Sciences||Urban Ecology
856 _uhttps://www.intechopen.com/books/sustainable-urbanization
942 _cEB
999 _c34739
_d34739